000 03043nam1a22003731 4500
001 v19\rc\1571531
005 20251115135608.8
035 _a(NLR Aleph) 005236847
090 _a5663271
_c5663271
100 _a20061002g18921915|||y0rusy50 ca
101 0 _arus
102 _aRU
105 _a j |||||
200 1 _aОтчет о состоянии учебной части...
_fПетровское училище Петербургского купеческого общества
210 _aС.-Петербург
_d1892-
215 _d26
300 _aСост. отчетов на 1891-1897 гг. - секретарь пед. ком. пр. Петр. уч-ща Н.Б. Медер; на 1897-1901 гг. - наблюдатель и преп. Петр. уч-ща С.Н. Агриколянский; на 1901-1907 г. - секр. пед. ком. преп. Петр. уч-ща М.Б. Трофимов; за 1907/08-1909/1910, 1911/1912 - дир. уч-ща Э.А. Фехнер; за 1910/11, 1912/13 гг. - инспектор уч-ща А.И. Лященко; за 1913/14-1914/1915 гг. - дир- уч-ща Г.А. Хотунцов
300 _aЗагл. отчетов за 1891-1907 гг.: Памятная книжка состоящего под Высочайшим покровительством Его Императорского Величества Петровского училища С.-Петербургского купеческого общества: отчет о состоянии учебной части; за 1880-1890 гг.: Первое десятилетие Петровского училища С.-Петербургского купеческого общества. 1-е окт. 1880 г.-1-е окт. 1890 г.
517 0 _aПамятная книжка состоящего под Высочайшим покровительством Его Императорского Величества Петровского училища С.-Петербургского купеческого общества
517 0 _aПервое десятилетие Петровского училища С.-Петербургского купеческого общества
702 1 _aФехнер
_bЭ. А.
_gЭдуард Августович
_4220
702 1 _aХотунцов
_bГ. А.
_gГеннадий Александрович
_4220
702 1 _aЛященко
_bА. И.
_gАркадий Иоакимович
_4220
702 1 _aТрофимов
_bМ. В.
_gМихаил Васильевич
_4220
702 1 _aМедер
_bН. Б.
_gНиколай Богданович
_4220
702 1 _aАгриколянский
_bС. Н.
_gСергей Николаевич
_4220
710 0 2 _aПетровское училище
_cПетербург
_3RU\NLR\AUTH\889951158
801 0 _aRU
_bNLR
_c20061002
_gpsbo
801 0 _aRU
_bRuMoRGB
_c20061002
_2psbo
801 1 _aRU
_bProSoft-M
_c20061002
_2rusmarc
801 2 _aRU
_bNLR
_c20091026
_2rusmarc
852 _aNLR
_y(1891-1915*)
942 _cBOOK
980 _aNB